| 000 | 00761cam a2200265 i 4500 | ||
|---|---|---|---|
| 008 | |||
| 020 | _a9781292086118 (pbk. ) | ||
| 049 | _aMAIN | ||
| 090 |
_aHF5437 _bLYS |
||
| 100 | 1 | _aLysons, Kenneth. | |
| 245 | 1 | 0 |
_aProcurement and supply chain management / _cKenneth Lysons [and] Brian Farrington. |
| 250 | _a9th ed. | ||
| 260 |
_aBoston : _bPearson, _c2016. |
||
| 300 |
_axx, 671 p. ; _c25 cm. |
||
| 500 | _aIncludes index. | ||
| 504 | _aIncludes bibliographic references. | ||
| 650 | 0 | _aPurchasing. | |
| 650 | 0 | _aBusiness logistics. | |
| 700 | 1 | _aFarrington, Brian. | |
| 907 |
_a.b10379599 _b29-03-18 _c24-02-17 |
||
| 003 | |||
| 005 | 20230123122246.0 | ||
| 040 | _cNUST | ||
| 942 |
_cBOOKS _kHF5437 _mLYS |
||
| 999 |
_c130544 _d130544 |
||